Rock my religion, 1965-1990 / (Record no. 28779)

000 -LEADER
fixed length control field 01198cam a2200313 a 4500
001 - CONTROL NUMBER
control field 1561405
005 - DATE AND TIME OF LATEST TRANSACTION
control field 20170321092822.0
008 - FIXED-LENGTH DATA ELEMENTS--GENERAL INFORMATION
fixed length control field 920923s1993 maua b 001 0 eng
010 ## - LIBRARY OF CONGRESS CONTROL NUMBER
LC control number 92036954
020 ## - INTERNATIONAL STANDARD BOOK NUMBER
International Standard Book Number 0262071479
040 ## - CATALOGING SOURCE
Original cataloging agency DLC
Transcribing agency DLC
Modifying agency DLC
043 ## - GEOGRAPHIC AREA CODE
Geographic area code n-us---
050 00 - LIBRARY OF CONGRESS CALL NUMBER
Classification number NX180.S6
Item number G69 1993
082 00 - DEWEY DECIMAL CLASSIFICATION NUMBER
Classification number 700
Edition number 20
100 1# - MAIN ENTRY--PERSONAL NAME
Personal name Graham, Dan,
Dates associated with a name 1942-
245 10 - TITLE STATEMENT
Title Rock my religion, 1965-1990 /
Statement of responsibility, etc. Dan Graham ; edited by Brian Wallis.
260 ## - PUBLICATION, DISTRIBUTION, ETC. (IMPRINT)
Place of publication, distribution, etc. [Cambridge, Mass. :
Name of publisher, distributor, etc. MIT Press,
Date of publication, distribution, etc. c1993]
300 ## - PHYSICAL DESCRIPTION
Extent xx, 328 p. :
Other physical details ill. ;
Dimensions 28 cm.
504 ## - BIBLIOGRAPHY, ETC. NOTE
Bibliography, etc Includes bibliographical references and index.
650 #0 - SUBJECT ADDED ENTRY--TOPICAL TERM
Topical term or geographic name as entry element Arts and society
Geographic subdivision United States
General subdivision History
Chronological subdivision 20th century.
650 #0 - SUBJECT ADDED ENTRY--TOPICAL TERM
Topical term or geographic name as entry element Conceptual art
Geographic subdivision United States.
650 #0 - SUBJECT ADDED ENTRY--TOPICAL TERM
Topical term or geographic name as entry element Postmodernism
Geographic subdivision United States.
700 1# - ADDED ENTRY--PERSONAL NAME
Personal name Wallis, Brian,
Dates associated with a name 1953-
906 ## - LOCAL DATA ELEMENT F, LDF (RLIN)
a 7
b cbc
c orignew
d 1
e ocip
f 19
g y-gencatlg
942 ## - ADDED ENTRY ELEMENTS (KOHA)
Source of classification or shelving scheme
Koha item type Hard Covered Materials
Holdings
Withdrawn status Lost status Source of classification or shelving scheme Damaged status Not for loan Home library Current library Shelving location Date acquired Source of acquisition Total Checkouts Full call number Barcode Date last seen Price effective from Koha item type
          MACHAKOS UNIVERSITY LIBRARY MACHAKOS UNIVERSITY LIBRARY All Collections 21/03/2017 Donation (B.F.A)   NX180.S6G69 1993 36678 21/03/2017 21/03/2017 Hard Covered Materials
© Machakos University Library, Along The Highway, Machakos Wote Rd, Machakos, Kenya P.O. Box 136 - 90100 Machakos - Kenya

Tel: ( +254 ) 723 805829 OR Fax : 044-20353 OR Email: library@mksu.ac.ke